Quam Tô Mương

Guardat en:
Dades bibliogràfiques
Autor principal: Nguyễn Văn Hòa
Format: Llibre
Idioma:Vietnamese
Publicat: Hà Nội 2010
Matèries:
Etiquetes: Afegir etiqueta
Sense etiquetes, Sigues el primer a etiquetar aquest registre!
Thư viện lưu trữ: Mạng thư viện Đại học Đà Nẵng
LEADER 01144cam a22003371a 4500
001 000036304
003 12599
005 20160331000000.0
008 160330s2010 vm 000 vie
020 |a 978-604-62-0041-3 
041 |a vie 
082 |a 398.2  |b NG-H 
100 |a Nguyễn Văn Hòa 
245 |a Quam Tô Mương  |c Nguyễn Văn Hòa 
260 |a Hà Nội  |c 2010 
300 |a 359tr. : mh :20cm 
650 |a Quam Tô Mương,Nguyễn Văn Hòa,2010 
852 |b Chuyên đề  |c Ngôn ngữ tiếng Việt 2 
OWN |a LNN 
AVA |a UDN50  |b LNN  |d 398.2 NG-H  |e available  |t Error 5001 Not defined in file expand_doc_bib_avail.  |f 1  |g 0  |h N  |i 0  |k 1 
999 |a From the UDN01 
AVA |a UDN50  |b LNN  |d 398.2 NG-H  |e available  |t Error 5001 Not defined in file expand_doc_bib_avail.  |f 1  |g 0  |h N  |i 0  |k 1 
TYP |a Monograph 
TYP |a Printed language 
980 |a Mạng thư viện Đại học Đà Nẵng